000
00312nam a22001457a 4500
003
SGT
020
_a
9789355321770
082
_a
621.381,JAI
100
_a
JAIN,R.P.
245
_a
MODERN DIGITAL ELECTRONICS
250
_a
5TH ED
260
_a
NEW DELHI
_b
MC GRAW HILL
_c
2023
300
_a
759
942
_2
ddc
_c
BK
999
_c
28480
_d
28480